Asom buranji (1826-1947) (Record no. 8939)

MARC details
000 -LEADER
fixed length control field 00515cam a2200205ua 4500
008 - FIXED-LENGTH DATA ELEMENTS--GENERAL INFORMATION
fixed length control field 161014n ii |||gr||||Z||||||asm
020 ## - INTERNATIONAL STANDARD BOOK NUMBER
International Standard Book Number 108173390091
040 ## - CATALOGING SOURCE
Transcribing agency MAIN
041 ## - LANGUAGE CODE
-- asm
082 ## - DEWEY DECIMAL CLASSIFICATION NUMBER
Classification number 954.162
100 ## - MAIN ENTRY--PERSONAL NAME
Personal name Hussain, Tasadduque Amanul,
Relator term
245 ## - TITLE STATEMENT
Title Asom buranji (1826-1947)
Statement of responsibility, etc. By Tasadduque Amanul Hussain
250 ## - EDITION STATEMENT
Edition statement 2nd ed.
260 ## - PUBLICATION, DISTRIBUTION, ETC.
Place of publication, distribution, etc. Dibrugarh:
Name of publisher, distributor, etc. Banalata,
Date of publication, distribution, etc. 2012.
300 ## - PHYSICAL DESCRIPTION
Extent 125p.
942 ## - ADDED ENTRY ELEMENTS (KOHA)
Koha item type Books
653 ## - INDEX TERM--UNCONTROLLED
Uncontrolled term South Asia India
653 ## - INDEX TERM--UNCONTROLLED
Uncontrolled term History of Assam
Holdings
Withdrawn status Lost status Damaged status Not for loan Home library Current library Shelving location Date acquired Total Checkouts Full call number Barcode Date last seen Date last checked out Copy number Price effective from Koha item type Date due
        Central Library, Naharkatiya College Central Library, Naharkatiya College General Stacks 19/09/2020 2 954.162 | HUS 23555 23/12/2025 04/09/2025 5 19/09/2020 Books  
        Central Library, Naharkatiya College Central Library, Naharkatiya College General Stacks 19/09/2020   954.162 | HUS 23556 19/09/2020   4 19/09/2020 Books  
        Central Library, Naharkatiya College Central Library, Naharkatiya College General Stacks 19/09/2020 3 954.162 | HUS 23557 27/03/2024 13/03/2024 3 19/09/2020 Books  
        Central Library, Naharkatiya College Central Library, Naharkatiya College General Stacks 19/09/2020   954.162 | HUS 23558 19/09/2020   2 19/09/2020 Books  
        Central Library, Naharkatiya College Central Library, Naharkatiya College General Stacks 19/09/2020 2 954.162 | HUS 23559 21/03/2023 21/03/2023 1 19/09/2020 Books 20/04/2023

Naharkatiya College © 2020. All rights reserved.

Powered By